[Event "Oberliga Sued W 0405"]
[Site "Germany"]
[Date "2004.12.12"]
[Round "4.3"]
[White "Konrad, Lutz"]
[Black "Moeldner, Juergen"]
[Result "0-1"]
[WhiteElo "2134"]
[BlackElo "2216"]
[PlyCount "88"]
[EventDate "2004.10.03"]
[EventType "team-tourn"]
[EventRounds "9"]
[EventCountry "GER"]
[SourceTitle "EXT 2009"]
[Source "ChessBase"]
[SourceDate "2008.11.26"]
[SourceVersion "1"]
[SourceVersionDate "2008.11.26"]
[SourceQuality "1"]
[WhiteTeam "Mainz"]
[BlackTeam "Landau"]
[WhiteTeamCountry "GER"]
[BlackTeamCountry "GER"]

1. d4 Nf6 2. Bg5 e6 3. e4 h6 4. Bxf6 Qxf6 5. Qd2 c5 6. e5 Qd8 7. d5 exd5 8. Qxd5 Nc6 9. Nf3 Be7 10. Nc3 0-0 11. Qe4 Qa5 12. Bd3 g6 13. 0-0 d6 14. Qf4 Nxe5 15. Nxe5 dxe5 16. Qxe5 Bd8 17. Nd5 Be6 18. Bxg6 Bxd5 19. Qxd5 Bf6 20. Bd3 Rfd8 21. Qxb7 Rab8 22. Qc6 Qb6 23. Qxb6 Rxb6 24. Rab1 Bxb2 25. a4 Rdd6 26. Rfd1 Kf8 27. g3 Rb4 28. Bb5 Rf6 29. Rd8+ Kg7 30. Ra8 Bd4 31. Rf1 Rb2 32. Bd3 c4 33. Be4 Ra2 34. Rd8 Bb6 35. Rc8 Rxa4 36. Kg2 Rd6 37. g4 Rd2 38. Kg3 Ra3+ 39. f3 Bd4 40. Re8 Bc5 41. Rh1 Bd6+ 42. Kh3 Ra1 43. f4 Bxf4 44. Rd8 Ra3+ 0-1